• 首页
  • 本馆介绍
  • 公告通知
  • 最新文献
  • 馆藏检索
  • 电子资源
  • 读者导购
  • 参考咨询
  • 我的图书馆
  • 登录
  • 详细信息显示
  • 放入我的书架
  • 预约/预借图书
  • 作者相关作品
  • 分类相关作品
  • 丛书相关作品
  • 出版社相关作品

书目信息

  • 表格格式
  • 工作单格式
  • 卡片格式
题名:
有限单元法
    
 
作者: 董平 , 罗赛托斯 著 ;张圣坤 译
分册:  
出版信息: 北京   国防工业出版社  1979
页数: 210页
开本: 26cm
丛书名:
单 册:
中图分类: O39
科图分类:
主题词: 有限元法 , 力学--应用 , 应用力学
电子资源:
ISBN:
000 00770nam0 2200265 45
001 0179001522
005 20060522162033.62
010    @dCNY1.50
091    @a15034.1826
100    @a19950725d1979 em y0chiy0121 ea
101 1  @achi@ceng
102    @aCN@b110000
105    @ay z 000yy
200 10 @a有限单元法@Ayou xian dan yuan fa@e基本方法与实施@f(美)董平,J·N·罗赛托斯著@F(mei)dong ping,J·N·luo sai tuo si zhu@g张圣坤等译
210    @a北京@c国防工业出版社@d1979
215    @a210页@d26cm
606    @a有限元法
606 0  @a力学@x应用
606 0  @a应用力学
690    @aO39
701  0 @a董平@Adong ping@4著
701  0 @a罗赛托斯@Aluo sai tuo si@4著
702  0 @a张圣坤@Azhang sheng kun@4译
801  0 @aCN@bNLC@c20060522
905    @f1@b26930@dO39@e3
    
    有限单元法:基本方法与实施/(美)董平,J·N·罗赛托斯著/张圣坤等译.-北京:国防工业出版社,1979
    210页;26cm
    
    
    ISBN :CNY1.50
    
●
相关链接 在E读中查询图书 在五车中查询图书 在当当中查询图书 在豆瓣中查询图书


正题名:有限单元法     索取号:O39/3         预约/预借

序号 登录号 条形码 馆藏地/架位号 状态 备注
1 0026929   000386754   第二样本阅览室/ [索取号:O39/3] 在馆    
2 0026930   000386745   密集书库/ [索取号:O39/3] 在馆    
3 0026931   202366224   密集书库/ [索取号:O39/3] 在馆    
4 0026932   202366233   密集书库/ [索取号:O39/3] 在馆    
5 0026933   202366260   密集书库/ [索取号:O39/3] 在馆    
唐山师范学院图书馆 欢迎您!
大连网信软件有限公司© 版权所有